00358nam a2200145Ia 4500003000400000008004100004040001600045082001300061100001700074245003700091260003500128300001200163650001200175650002500187GCL140319s9999 xx 000 0 eng d aGCL / cGCL04a306bI C1 aINGLIS, FRED10aCUTURAL STUDIES / cINGLIS, FRED a[S.N] : bBLACK WELL ، c1993 a256 P P04aCULTURE04aCUTLURE - PHILOSOPHY